Online
Catalog

El último expedicionario de Maimón / (Record no. 49659)

MARC details
000 -CABECERA
campo de control de longitud fija 02220nam a2200277 a 4500
003 - IDENTIFICADOR DEL NÚMERO DE CONTROL
campo de control DO-SdBNP
005 - FECHA Y HORA DE LA ÚLTIMA TRANSACCIÓN
campo de control 20240507110813.0
007 - CAMPO FIJO DE DESCRIPCIÓN FÍSICA--INFORMACIÓN GENERAL
campo de control de longitud fija ta
008 - DATOS DE LONGITUD FIJA--INFORMACIÓN GENERAL
campo de control de longitud fija 100322s2019 dr 1 000 0 spa d
020 ## - NÚMERO INTERNACIONAL ESTÁNDAR DEL LIBRO
Número Internacional Estándar del Libro 9789945613148
040 ## - FUENTE DE LA CATALOGACIÓN
Centro catalogador/agencia de origen DO-SdBNP
Lengua de catalogación spa
Centro/agencia transcriptor BNPHU
082 #4 - NÚMERO DE LA CLASIFICACIÓN DECIMAL DEWEY
Número de clasificación 972.93053
Número de documento/Ítem J36u
Número de edición 22
100 1# - ENTRADA PRINCIPAL--NOMBRE DE PERSONA
Nombre de persona Jáquez Trejo, Ernesto
9 (RLIN) 37920
245 13 - MENCIÓN DE TÍTULO
Título El último expedicionario de Maimón /
Mención de responsabilidad, etc. Ernesto Jáquez Trejo ; prólogo Giovanni Brito Bloise
260 ## - PUBLICACIÓN, DISTRIBUCIÓN, ETC.
Lugar de publicación, distribución, etc. Santo Domingo :
Nombre del editor, distribuidor, etc. Archivo General de la Nación,
Fecha de publicación, distribución, etc. 2019.
300 ## - DESCRIPCIÓN FÍSICA
Extensión 197 p. :
Dimensiones 23 cm.
490 1# - MENCIÓN DE SERIE
Mención de serie Archivo General de la Nación ;
Designación de volumen o secuencia 349 ;
500 ## - NOTA GENERAL
Nota general Incluye datos biográficos del autor en la solapa de la portada.
500 ## - NOTA GENERAL
Nota general Incluye índice onomástico.
505 0# - NOTA DE CONTENIDO CON FORMATO
Título El desembarco de Maimón, 19
-- La gran hazaña, 23
-- Los francotiradores, 29
-- Lo inesperado, 33
-- Instalan comando central, 27
-- Ya están en el municipio de Imbert, 42
-- Fuego al cañaveral, 44
-- Pánico en Imbert, 45
-- En el río Damajagua, 47
-- Los vieron en Barrabás, 48
-- Llegan a la loma del brinco, 51
-- Una historia que perdura: Juan Mora y Antonio Vejarán, 61
-- Regresan a la loma del Brinco, 66
-- Contacto en Naranjo Chino, 67
-- El corre-corre hacia Los Sención, 68
-- Encuentro con Justo Carpito, 71
-- Larry bevins y su grupo en La Sabana del Corozo, 82
-- El genocidio de la familia Ruiz, 91
-- El día de mi suerte, 93
-- Traición en el naranjo Chino, 95
-- En medio del combate, 99
-- El plan de la traición, 104
-- ¿Cómo escaparon del cerco militar?, 110
-- El grito de Florita, 115
-- Salieron hacia Pozo Prieto, 117
-- Desaparece Pascual Minaya, 121
-- Aparece pascual, 125
-- Llegaron a Los Caraballo, 128
-- Pero los guardias no están aquí, 130
-- En el rancho de Mamá Cleo, 132
-- La sorpresa del cabo rural, 137
-- El traidor de pescadobobo, 140
-- La traición de Pescadobobo, 144
-- Dónde está el francotirador?, 148
-- Entre Fidel y Trujillo. Bolo atrapado en su conuco, 150
-- Sancocho, 157
-- Se inmola el último expedicionario, 160
-- Recogiendo limosnas, 163
-- No lo tumban, noo, 165
590 ## - NOTA LOCAL (RLIN)
Nota local Inventariado, 2021/ YL
700 1# - PUNTO DE ACCESO ADICIONAL--NOMBRE DE PERSONA
Nombre de persona Brito Bloise, Giovanni,
Término indicativo de función/relación prologo
9 (RLIN) 74080
830 ## - PUNTO DE ACCESO ADICIONAL DE SERIE-TÍTULO UNIFORME
Título uniforme Archivo General de la Nación ;
Número de parte o sección de la obra 227
9 (RLIN) 73352
910 ## - DATOS DE OPCIÓN DEL USUARIO (OCLC)
Datos de opción del usuario YL/ Validado, 2021/MAA
942 ## - ELEMENTOS DE PUNTO DE ACCESO ADICIONAL (KOHA)
Fuente del sistema de clasificación o colocación Dewey Decimal Classification
Tipo de ítem Koha Libro
Holdings
Estado de retiro Estado de pérdida Fuente del sistema de clasificación o colocación Restricciones de uso No para préstamo Código de colección Localización permanente Ubicación/localización actual Ubicación en estantería Fecha de adquisición Fuente de adquisición Signatura topográfica completa Código de barras Fecha visto por última vez Precio válido a partir de Tipo de ítem Koha Número de copia
    Dewey Decimal Classification Excluido de préstamo   Patrimonio Dominicano Biblioteca Nacional Pedro Henríquez Ureña Biblioteca Nacional Pedro Henríquez Ureña Depósito 28.10.2019 Depósito Legal BNPHU PD 972.93053 J36u 2021-1127 23.03.2021 23.03.2021 Libro  
    Dewey Decimal Classification Excluido de préstamo   Patrimonio Dominicano Biblioteca Nacional Pedro Henríquez Ureña Biblioteca Nacional Pedro Henríquez Ureña Depósito 15.02.2023 Donación BNPHU PD 972.93053 J36u 2023-0948 15.02.2023 15.02.2023 Libro e.2

Powered by Koha